[Event "Titled Tuesday intern op 12th May"]
[Site "Chess.com INT"]
[Date "2020.05.12"]
[Round "9"]
[White "Djukic, Nikola"]
[Black "Sorokobjagin, Sergey"]
[Result "1/2-1/2"]
[WhiteElo "2515"]
[BlackElo "2253"]
[PlyCount "100"]
[EventDate "2020.05.12"]
[EventType "swiss (blitz)"]
[EventRounds "10"]
[EventCountry "USA"]
[SourceTitle "EXT 2021"]
[Source "ChessBase"]
[SourceDate "2020.10.23"]
[SourceVersion "1"]
[SourceVersionDate "2020.10.23"]
[SourceQuality "1"]

1. e4 d5 2. exd5 Qxd5 3. Nc3 Qd8 4. d4 Nf6 5. Nf3 c6 6. Bc4 Bf5 7. Ne5 e6 8. g4 Be4 9. Nxe4 Nxe4 10. Qf3 Nd6 11. Bd3 Nd7 12. Bd2 Be7 13. 0-0-0 Bg5 14. Kb1 Bxd2 15. Rxd2 Qe7 16. Re1 0-0-0 17. c3 Nxe5 18. Rxe5 Qf6 19. Qg3 g6 20. Rde2 h5 21. gxh5 Rxh5 22. Rxh5 gxh5 23. Qe5 Qxe5 24. Rxe5 Rh8 25. Kc2 Kd7 26. Rg5 Ke7 27. Kd2 h4 28. Ke3 Kf6 29. Kf4 b6 30. h3 Ke7 31. Kg4 f5+ 32. Kf4 Kf6 33. f3 c5 34. Rg1 cxd4 35. cxd4 Rc8 36. Ke3 Nc4+ 37. Bxc4 Rxc4 38. Kd3 Rc8 39. f4 Kf7 40. Kd2 Kf6 41. Rg5 Rd8 42. Ke3 Rc8 43. Kd3 Rh8 44. b4 b5 45. a3 a6 46. Ke3 Rc8 47. Kd3 Rh8 48. Kc3 Rc8+ 49. Kd2 Rd8 50. Kd3 Rh8 1/2-1/2

[Event "Titled Tuesday intern op 12th May"]
[Site "Chess.com INT"]
[Date "2020.05.12"]
[Round "1"]
[White "Sorokobjagin, Sergey"]
[Black "Duong, Bach"]
[Result "0-1"]
[WhiteElo "2253"]
[BlackElo "2250"]
[PlyCount "104"]
[EventDate "2020.05.12"]
[EventType "swiss (blitz)"]
[EventRounds "10"]
[EventCountry "USA"]
[SourceTitle "EXT 2021"]
[Source "ChessBase"]
[SourceDate "2020.10.23"]
[SourceVersion "1"]
[SourceVersionDate "2020.10.23"]
[SourceQuality "1"]

1. d4 d5 2. Nf3 Nf6 3. c4 e6 4. Nc3 c6 5. Bg5 Be7 6. e3 Nbd7 7. Qc2 0-0 8. cxd5 exd5 9. Bd3 h6 10. Bh4 Re8 11. 0-0 Ne4 12. Bxe7 Qxe7 13. Bxe4 dxe4 14. Nd2 Nf6 15. Nc4 Bf5 16. Ne5 Rad8 17. Ne2 Nd5 18. a3 f6 19. Nc4 Qf7 20. Ng3 Bh7 21. b4 h5 22. Rab1 h4 23. Ne2 Bf5 24. h3 g5 25. b5 cxb5 26. Rxb5 a6 27. Rc5 b5 28. Na5 g4 29. Kh2 g3+ 30. Kh1 Kh8 31. Qd2 Rg8 32. f3 Bxh3 33. Rxd5 Bxg2+ 34. Kxg2 h3+ 35. Kg1 h2+ 36. Kg2 Qxd5 37. f4 Qh5 38. Nxg3 Qh4 39. Qf2 Rxg3+ 40. Qxg3 Rg8 41. Qxg8+ Kxg8 42. Rh1 Qg4+ 43. Kxh2 Qe2+ 44. Kh3 Qxe3+ 45. Kg2 Qd2+ 46. Kg3 Qxa5 47. Rh5 Qxa3+ 48. Kg4 Qf3+ 49. Kh4 Qxf4+ 50. Kh3 Qf3+ 51. Kh4 Qxh5+ 52. Kxh5 e3 0-1

[Event "Titled Tuesday intern op 21st April"]
[Site "Chess.com INT"]
[Date "2020.04.21"]
[Round "8"]
[White "Hristodoulou, Panagiotis"]
[Black "Sorokobjagin, Sergey"]
[Result "0-1"]
[WhiteElo "2302"]
[BlackElo "2253"]
[PlyCount "66"]
[EventDate "2020.04.21"]
[EventType "swiss (blitz)"]
[EventRounds "10"]
[EventCountry "USA"]
[SourceTitle "EXT 2021"]
[Source "ChessBase"]
[SourceDate "2020.10.23"]
[SourceVersion "1"]
[SourceVersionDate "2020.10.23"]
[SourceQuality "1"]

1. e4 d5 2. exd5 Qxd5 3. Nc3 Qd8 4. d4 Nf6 5. Bg5 c6 6. Qd2 Bf5 7. f3 e6 8. g4 Bg6 9. h4 h5 10. Bxf6 gxf6 11. g5 Bd6 12. 0-0-0 Nd7 13. Kb1 Qa5 14. Ne4 Qxd2 15. Nxd6+ Ke7 16. Rxd2 Kxd6 17. Nh3 fxg5 18. Nxg5 Ke7 19. Bd3 Bxd3 20. Rxd3 Nf6 21. c4 Rad8 22. Kc2 b5 23. b3 Rd7 24. Rhd1 Rb8 25. Kc3 bxc4 26. bxc4 Rdb7 27. R3d2 Rb4 28. a3 Rb3+ 29. Kc2 Rxa3 30. Rd3 Ra2+ 31. Kc3 Rab2 32. d5 c5 33. d6+ Kd7 0-1

[Event "Titled Tuesday intern op 21st April"]
[Site "Chess.com INT"]
[Date "2020.04.21"]
[Round "2"]
[White "Sorokobjagin, Sergey"]
[Black "Protopopova, Anastasiya"]
[Result "1-0"]
[WhiteElo "2253"]
[BlackElo "2192"]
[PlyCount "101"]
[EventDate "2020.04.21"]
[EventType "swiss (blitz)"]
[EventRounds "10"]
[EventCountry "USA"]
[SourceTitle "EXT 2021"]
[Source "ChessBase"]
[SourceDate "2020.10.23"]
[SourceVersion "1"]
[SourceVersionDate "2020.10.23"]
[SourceQuality "1"]

1. d4 Nf6 2. Nf3 e6 3. Bf4 g6 4. e3 Bg7 5. h3 0-0 6. c3 d6 7. Nbd2 Nbd7 8. Bc4 b6 9. 0-0 Bb7 10. a4 a6 11. Bh2 Qe7 12. Re1 Kh8 13. e4 e5 14. dxe5 dxe5 15. Qc2 Nh5 16. Nf1 Nf4 17. Rad1 Rad8 18. Ne3 Nf6 19. Nd5 N6xd5 20. exd5 Qd6 21. Ba2 Rfe8 22. c4 a5 23. Bb1 f5 24. Ng5 Kg8 25. Bxf4 exf4 26. Ne6 Rd7 27. Nxg7 Rxe1+ 28. Rxe1 Kxg7 29. Re6 Qb4 30. b3 Re7 31. Qb2+ Kh6 32. Bxf5 Rxe6 33. Bxe6 Qe1+ 34. Kh2 c6 35. Qc2 cxd5 36. Bxd5 Bc8 37. Bf3 Bf5 38. Qb2 Qe6 39. Qd4 g5 40. c5 bxc5 41. Qxc5 Be4 42. Bxe4 Qxe4 43. Qxa5 f3 44. Qb6+ Kg7 45. gxf3 Qf4+ 46. Kg2 h5 47. Qe3 Qf5 48. b4 g4 49. fxg4 hxg4 50. hxg4 Qxg4+ 51. Qg3 1-0

[Event "Titled Tuesday intern op 7th April"]
[Site "Chess.com INT"]
[Date "2020.04.07"]
[Round "3"]
[White "Sorokobjagin, Sergey"]
[Black "Bartholomew, John"]
[Result "1-0"]
[WhiteElo "2253"]
[BlackElo "2446"]
[PlyCount "121"]
[EventDate "2020.04.07"]
[EventType "swiss (blitz)"]
[EventRounds "10"]
[EventCountry "USA"]
[SourceTitle "EXT 2021"]
[Source "ChessBase"]
[SourceDate "2020.10.23"]
[SourceVersion "1"]
[SourceVersionDate "2020.10.23"]
[SourceQuality "1"]

1. d4 d5 2. Nf3 Nf6 3. c4 c6 4. Nc3 dxc4 5. a4 Bf5 6. e3 e6 7. Bxc4 Bb4 8. 0-0 Nbd7 9. Qb3 Qb6 10. e4 Bg4 11. Be3 Bxc3 12. Qxc3 Nxe4 13. Qc2 Bf5 14. Nh4 Nd6 15. Nxf5 Nxf5 16. Bd3 Nxe3 17. fxe3 g6 18. a5 Qc7 19. a6 b6 20. Be4 Rc8 21. Rac1 c5 22. Bb7 Rd8 23. b4 0-0 24. bxc5 bxc5 25. dxc5 Ne5 26. c6 Rd5 27. Qe4 Rfd8 28. Qf4 h5 29. h3 Kg7 30. Rc4 Rd1 31. Rc1 Rxc1 32. Rxc1 f6 33. Rf1 f5 34. Kh1 Rd2 35. Rc1 Kf6 36. Qh6 Nf7 37. Qf4 Ne5 38. Qh6 Nf7 39. Qf4 e5 40. Qb4 Rd6 41. Qc5 e4 42. Qxa7 Rd2 43. Qc5 Qg3 44. Qc3+ Ne5 45. Qxd2 Nf3 46. gxf3 Qxf3+ 47. Qg2 Qxe3 48. Rd1 f4 49. Rf1 f3 50. Qh2 Kg7 51. Qg3 Qd3 52. Rg1 e3 53. Qxf3 Qd4 54. c7 e2 55. c8Q Qxg1+ 56. Kxg1 e1Q+ 57. Kg2 Qd2+ 58. Qf2 Qg5+ 59. Kh2 Qe5+ 60. Kh1 Qa1+ 61. Qg1 1-0

[Event "Titled Tuesday intern op 7th April"]
[Site "Chess.com INT"]
[Date "2020.04.07"]
[Round "9"]
[White "Sorokobjagin, Sergey"]
[Black "Ruiz, Joshua Daniel"]
[Result "0-1"]
[WhiteElo "2253"]
[BlackElo "1804"]
[PlyCount "130"]
[EventDate "2020.04.07"]
[EventType "swiss (blitz)"]
[EventRounds "10"]
[EventCountry "USA"]
[SourceTitle "EXT 2021"]
[Source "ChessBase"]
[SourceDate "2020.10.23"]
[SourceVersion "1"]
[SourceVersionDate "2020.10.23"]
[SourceQuality "1"]

1. d4 Nf6 2. Nf3 e6 3. c4 d5 4. Nc3 c5 5. cxd5 Nxd5 6. Nxd5 Qxd5 7. dxc5 Qxd1+ 8. Kxd1 Bxc5 9. e3 0-0 10. Bd3 Rd8 11. Ke2 Nc6 12. a3 Be7 13. b4 Bf6 14. Ra2 a5 15. b5 Ne7 16. Bb2 Nd5 17. Bxf6 gxf6 18. Rc1 Bd7 19. Rac2 Rac8 20. Rxc8 Rxc8 21. Rxc8+ Bxc8 22. Kd2 Bd7 23. e4 Nc7 24. a4 e5 25. Bc4 Kf8 26. Kc3 Ke7 27. Nd2 b6 28. Bb3 Kd6 29. Bxf7 Be6 30. Bxe6 Nxe6 31. g3 Nc5 32. Nc4+ Kc7 33. Ne3 Nxe4+ 34. Kc4 Kd6 35. f4 exf4 36. gxf4 Nd2+ 37. Kd3 Nf3 38. h3 Kc5 39. Ke4 Ng1 40. h4 Ne2 41. Ng4 Nc3+ 42. Kd3 Nd5 43. f5 h5 44. Nf2 Kb4 45. Kd4 Ne7 46. Ke4 Kxa4 47. Kf4 Kxb5 48. Ne4 a4 49. Nxf6 a3 50. Ne4 Kb4 51. f6 Nd5+ 52. Ke5 Nxf6 53. Nxf6 a2 54. Nxh5 a1Q+ 55. Kf5 Kc5 56. Nf6 Qf1+ 57. Kg6 Qg2+ 58. Kf5 b5 59. h5 b4 60. h6 b3 61. h7 Qg7 62. Ke6 b2 63. Nd7+ Kb5 64. Nf6 b1Q 65. h8Q Qxh8 0-1

[Event "Titled Tuesday intern op 7th April"]
[Site "Chess.com INT"]
[Date "2020.04.07"]
[Round "8"]
[White "Sorokobjagin, Sergey"]
[Black "Yanchenko, Roman"]
[Result "1-0"]
[WhiteElo "2253"]
[BlackElo "2467"]
[PlyCount "55"]
[EventDate "2020.04.07"]
[EventType "swiss (blitz)"]
[EventRounds "10"]
[EventCountry "USA"]
[SourceTitle "EXT 2021"]
[Source "ChessBase"]
[SourceDate "2020.10.23"]
[SourceVersion "1"]
[SourceVersionDate "2020.10.23"]
[SourceQuality "1"]

1. d4 d5 2. Nf3 Bf5 3. Bf4 e6 4. e3 c5 5. Bxb8 Qxb8 6. Bb5+ Kd8 7. dxc5 Bxc5 8. 0-0 Nf6 9. c4 a6 10. Ba4 b5 11. cxb5 axb5 12. Bc2 Bxc2 13. Qxc2 Bd6 14. h3 Kd7 15. Nbd2 Rc8 16. Qd3 Qb7 17. Rfe1 Ke7 18. e4 dxe4 19. Nxe4 Nxe4 20. Rxe4 Rd8 21. Rd4 h6 22. Rd1 Bc7 23. Rd7+ Ke8 24. Ne5 Qb6 25. Qh7 Rxd7 26. Qg8+ Ke7 27. Qxf7+ Kd8 28. Qxd7# 1-0

[Event "Titled Tuesday intern op1 3rd March"]
[Site "Chess.com INT"]
[Date "2020.03.03"]
[Round "1"]
[White "Firouzja, Alireza"]
[Black "Sorokobjagin, Sergey"]
[Result "1-0"]
[WhiteElo "2728"]
[BlackElo "2253"]
[PlyCount "125"]
[EventDate "2020.03.03"]
[EventType "swiss (blitz)"]
[EventRounds "10"]
[EventCountry "USA"]
[SourceTitle "EXT 2021"]
[Source "ChessBase"]
[SourceDate "2020.10.23"]
[SourceVersion "1"]
[SourceVersionDate "2020.10.23"]
[SourceQuality "1"]

1. h4 d5 2. h5 e5 3. d3 Nc6 4. e4 dxe4 5. dxe4 Qxd1+ 6. Kxd1 f5 7. Bd3 Nf6 8. Nc3 Bb4 9. Nge2 fxe4 10. Nxe4 Nxe4 11. Bxe4 Bg4 12. c3 0-0-0+ 13. Ke1 Ba5 14. f3 Be6 15. Bg5 Rd7 16. Kf2 h6 17. Be3 Rf8 18. Rhd1 Bb6 19. Rxd7 Kxd7 20. b3 Bf5 21. Bxf5+ Rxf5 22. Ng3 Rf7 23. Ne4 Ke6 24. Bc5 Rd7 25. Ke2 Nd8 26. a4 Rd5 27. b4 Bxc5 28. Nxc5+ Kf5 29. Ne4 Ne6 30. Ke3 Nf4 31. g4+ Ke6 32. Nc5+ Kf6 33. Ra2 b6 34. Ne4+ Ke6 35. Rd2 Rxd2 36. Kxd2 Kd5 37. Ng3 Ke6 38. Ke3 Nd5+ 39. Kd3 Nf4+ 40. Kc4 c6 41. a5 Kf6 42. a6 Ke6 43. b5 cxb5+ 44. Kxb5 Kd5 45. c4+ Kd4 46. Nf5+ Kc3 47. Kc6 Kxc4 48. Kb7 b5 49. Kxa7 b4 50. Kb7 b3 51. Ne3+ Kd3 52. Nd1 Kc2 53. a7 Kxd1 54. a8Q b2 55. Qa4+ Kc1 56. Qc4+ Kd2 57. Qb3 Nd3 58. Kc6 e4 59. fxe4 Kc1 60. Qc3+ Kb1 61. Qxd3+ Ka2 62. e5 b1Q 63. Qxb1+ 1-0

[Event "Titled Tuesday intern op1 3rd March"]
[Site "Chess.com INT"]
[Date "2020.03.03"]
[Round "9"]
[White "Niedbala, Bartlomiej"]
[Black "Sorokobjagin, Sergey"]
[Result "1-0"]
[WhiteElo "2381"]
[BlackElo "2253"]
[PlyCount "127"]
[EventDate "2020.03.03"]
[EventType "swiss (blitz)"]
[EventRounds "10"]
[EventCountry "USA"]
[SourceTitle "EXT 2021"]
[Source "ChessBase"]
[SourceDate "2020.10.23"]
[SourceVersion "1"]
[SourceVersionDate "2020.10.23"]
[SourceQuality "1"]

1. d4 Nf6 2. c4 e6 3. Nf3 d5 4. Nc3 c6 5. e3 Nbd7 6. Qc2 Bd6 7. g4 h6 8. Bd2 Qe7 9. 0-0-0 a6 10. Rg1 b5 11. c5 Bc7 12. h4 Nf8 13. g5 hxg5 14. hxg5 N6d7 15. e4 dxe4 16. Nxe4 Bb7 17. a4 0-0-0 18. axb5 axb5 19. Kb1 Ng6 20. Nd6+ Bxd6 21. cxd6 Qxd6 22. Bxb5 Nb6 23. Ba5 Qc7 24. Rc1 Ne7 25. Ne5 Rd6 26. Nxf7 Ned5 27. Nxd6+ Qxd6 28. Bxb6 Nxb6 29. Bxc6 Kb8 30. Bxb7 Kxb7 31. Qe4+ Nd5 32. Rge1 Re8 33. Rc5 Qf4 34. Rxd5 Qxe4+ 35. Rxe4 Rf8 36. Rxe6 Rf7 37. g6 Rc7 38. Rc5 Rd7 39. Rce5 Rxd4 40. Re7+ Kc6 41. Rxg7 Rd1+ 42. Kc2 Rf1 43. Rf5 Kd6 44. Rf6+ Ke5 45. Rgf7 Rg1 46. g7 Rg2 47. Rf5+ Ke6 48. R5f6+ Ke5 49. b4 Rg4 50. b5 Rxg7 51. b6 Rg4 52. Rc6 Rb4 53. f4+ Kd5 54. Rff6 Ke4 55. Rfd6 Kxf4 56. Kc3 Rb1 57. Kc4 Ke5 58. Rd8 Rc1+ 59. Kb5 Ra1 60. b7 Rb1+ 61. Ka6 Rb2 62. b8Q+ Rxb8 63. Rxb8 Kd5 64. Rc1 1-0

[Event "Titled Tuesday intern op1 3rd March"]
[Site "Chess.com INT"]
[Date "2020.03.03"]
[Round "6"]
[White "Sorokobjagin, Sergey"]
[Black "Ortega Amarelle, Mariano"]
[Result "0-1"]
[WhiteElo "2253"]
[BlackElo "2458"]
[PlyCount "56"]
[EventDate "2020.03.03"]
[EventType "swiss (blitz)"]
[EventRounds "10"]
[EventCountry "USA"]
[SourceTitle "EXT 2021"]
[Source "ChessBase"]
[SourceDate "2020.10.23"]
[SourceVersion "1"]
[SourceVersionDate "2020.10.23"]
[SourceQuality "1"]

1. d4 Nf6 2. Nf3 e6 3. c4 d5 4. Nc3 Bb4 5. Bg5 Nbd7 6. Qb3 c5 7. dxc5 Qa5 8. Bxf6 Nxf6 9. e3 0-0 10. a3 Bxc3+ 11. Qxc3 Qxc3+ 12. bxc3 Bd7 13. Rb1 Rfc8 14. Rxb7 Rxc5 15. Ne5 Be8 16. Be2 dxc4 17. Nxc4 Bc6 18. Rb4 Bxg2 19. Rg1 Bc6 20. Rb3 Bd5 21. Rb4 a5 22. Ra4 Bc6 23. Nb6 Bxa4 24. Nxa8 Rxc3 25. Kd2 Ne4+ 26. Ke1 Rc1+ 27. Bd1 Rxd1+ 28. Ke2 Rxg1 0-1

[Event "Titled Tuesday intern op1 4th Febr"]
[Site "Chess.com INT"]
[Date "2020.02.04"]
[Round "2"]
[White "Laurusas, Tomas"]
[Black "Sorokobjagin, Sergey"]
[Result "0-1"]
[WhiteElo "2509"]
[BlackElo "2253"]
[PlyCount "80"]
[EventDate "2020.02.04"]
[EventType "swiss (blitz)"]
[EventRounds "10"]
[EventCountry "USA"]
[SourceTitle "EXT 2021"]
[Source "ChessBase"]
[SourceDate "2020.10.23"]
[SourceVersion "1"]
[SourceVersionDate "2020.10.23"]
[SourceQuality "1"]

1. d4 Nf6 2. c4 e6 3. Nf3 d5 4. Nc3 c6 5. e3 Nbd7 6. b3 Bd6 7. Be2 0-0 8. 0-0 Qe7 9. Bb2 dxc4 10. bxc4 e5 11. Qc2 Re8 12. Rfd1 a6 13. d5 e4 14. Nd4 Qe5 15. g3 c5 16. Nb3 Qf5 17. a4 Ne5 18. Nd2 Neg4 19. Bxg4 Qxg4 20. Ncxe4 Nxe4 21. f3 Qg6 22. Nxe4 Bf5 23. Qc3 Bxe4 24. fxe4 Rxe4 25. Rd2 Rae8 26. Re1 f6 27. Kg2 h5 28. Rf2 h4 29. Rf3 hxg3 30. hxg3 Rg4 31. e4 Rexe4 32. Rxe4 Qxe4 33. Kf2 Qxc4 34. Qe3 Qc2+ 35. Kg1 Re4 36. Qc3 Qd1+ 37. Kg2 Re2+ 38. Kh3 Qxd5 39. Kg4 Qg5+ 40. Kh3 Qh5# 0-1

[Event "Titled Tuesday intern op1 4th Febr"]
[Site "Chess.com INT"]
[Date "2020.02.04"]
[Round "6"]
[White "Sorokobjagin, Sergey"]
[Black "Van Foreest, Jorden"]
[Result "0-1"]
[WhiteElo "2253"]
[BlackElo "2667"]
[PlyCount "110"]
[EventDate "2020.02.04"]
[EventType "swiss (blitz)"]
[EventRounds "10"]
[EventCountry "USA"]
[SourceTitle "EXT 2021"]
[Source "ChessBase"]
[SourceDate "2020.10.23"]
[SourceVersion "1"]
[SourceVersionDate "2020.10.23"]
[SourceQuality "1"]

1. d4 Nf6 2. Nf3 g6 3. c4 Bg7 4. Nc3 0-0 5. Bg5 d6 6. Qd2 Bf5 7. Bh6 e5 8. Bxg7 Kxg7 9. dxe5 dxe5 10. Qxd8 Rxd8 11. Nxe5 Na6 12. f3 Nb4 13. Kf2 Rd2 14. a3 Nc2 15. Rd1 Rxd1 16. Nxd1 Re8 17. Nd3 Bxd3 18. exd3 Re1 19. Nc3 Rc1 20. Ne2 Rb1 21. b4 Nxa3 22. b5 Nd7 23. Ng3 Ne5 24. Be2 Rb2 25. Ke3 Nc2+ 26. Ke4 Nd7 27. d4 Rb3 28. Rc1 f5+ 29. Kd5 Nb4+ 30. Ke6 Nf6 31. Ke7 Re3+ 32. Kd8 f4 33. Nf1 Rxe2 34. Kxc7 Re7+ 35. Kb8 a6 36. b6 Nc6+ 37. Ka8 Na5 38. c5 Nd5 39. Nd2 Nb4 40. d5 Nxd5 41. Ne4 Re8+ 42. Ka7 Nb4 43. c6 Nbxc6+ 44. Rxc6 Nxc6+ 45. Kxb7 Nb4 46. Kc7 a5 47. Nc5 Nd5+ 48. Kc6 Nxb6 49. Kxb6 Re2 50. Kxa5 Rxg2 51. Ne6+ Kf6 52. Nxf4 Rxh2 53. Kb5 Rf2 54. Nd5+ Ke5 55. Ne3 Rxf3 0-1

[Event "Titled Tuesday intern op 3rd Jan"]
[Site "Chess.com INT"]
[Date "2019.12.03"]
[Round "9"]
[White "Sorokobjagin, Sergey"]
[Black "Corrales Jimenez, Fidel"]
[Result "0-1"]
[WhiteElo "2253"]
[BlackElo "2520"]
[PlyCount "52"]
[EventDate "2019.12.03"]
[EventType "swiss (blitz)"]
[EventRounds "10"]
[EventCountry "USA"]
[SourceTitle "EXT 2021"]
[Source "ChessBase"]
[SourceDate "2020.10.23"]
[SourceVersion "1"]
[SourceVersionDate "2020.10.23"]
[SourceQuality "1"]

1. d4 Nf6 2. Nf3 g6 3. c4 Bg7 4. Nc3 d5 5. e3 0-0 6. Qb3 e6 7. Bd2 c5 8. dxc5 Na6 9. Qa3 Ne4 10. Nxe4 dxe4 11. Nd4 Qg5 12. b4 Rd8 13. h4 Qg4 14. Bc3 Nc7 15. h5 e5 16. Nb5 Nxb5 17. cxb5 Be6 18. h6 Bf6 19. Qb2 Rd5 20. g3 Rad8 21. Be2 Qg5 22. Bc4 Bg4 23. Bxd5 Rxd5 24. Qc2 Qf5 25. Rg1 Rd3 26. Bb2 Bg5 0-1

[Event "Titled Tuesday intern op 3rd Jan"]
[Site "Chess.com INT"]
[Date "2019.12.03"]
[Round "2"]
[White "Sorokobjagin, Sergey"]
[Black "Matlakov, Maxim"]
[Result "0-1"]
[WhiteElo "2253"]
[BlackElo "2699"]
[PlyCount "62"]
[EventDate "2019.12.03"]
[EventType "swiss (blitz)"]
[EventRounds "10"]
[EventCountry "USA"]
[SourceTitle "EXT 2021"]
[Source "ChessBase"]
[SourceDate "2020.10.23"]
[SourceVersion "1"]
[SourceVersionDate "2020.10.23"]
[SourceQuality "1"]

1. d4 Nf6 2. Nf3 e6 3. c4 b6 4. g3 Ba6 5. Nbd2 d5 6. Qc2 Be7 7. Bg2 0-0 8. 0-0 c5 9. Rd1 Nc6 10. dxc5 Bxc5 11. a3 Ng4 12. Rf1 Rc8 13. h3 Nxf2 14. Rxf2 Bxf2+ 15. Kxf2 dxc4 16. Ne4 f5 17. Nc3 e5 18. Ng5 Qf6 19. Qa4 Bb7 20. Nd5 Qd6 21. Qxc4 Kh8 22. Qh4 h6 23. Kg1 Nd4 24. e4 Nb3 25. Rb1 Rxc1+ 26. Rxc1 Nxc1 27. Qh5 Ne2+ 28. Kf2 fxe4+ 29. Kxe2 Bxd5 30. Bxe4 Bc4+ 31. Ke3 Qd4# 0-1

[Event "Titled Tuesday intern op 5th Nov"]
[Site "Chess.com INT"]
[Date "2019.11.05"]
[Round "9"]
[White "Sorokobjagin, Sergey"]
[Black "Willow, Jonah B"]
[Result "1-0"]
[WhiteElo "2253"]
[BlackElo "2345"]
[PlyCount "85"]
[EventDate "2019.11.05"]
[EventType "swiss (blitz)"]
[EventRounds "10"]
[EventCountry "USA"]
[SourceTitle "EXT 2021"]
[Source "ChessBase"]
[SourceDate "2020.10.23"]
[SourceVersion "1"]
[SourceVersionDate "2020.10.23"]
[SourceQuality "1"]

1. d4 d5 2. Nf3 Nf6 3. c4 e6 4. Nc3 dxc4 5. e3 a6 6. a4 b6 7. Bxc4 Bb7 8. 0-0 c5 9. b3 Be7 10. Bb2 0-0 11. Rc1 Nbd7 12. d5 exd5 13. Nxd5 Nxd5 14. Bxd5 Bxd5 15. Qxd5 Nf6 16. Qc4 Qc8 17. Rfd1 Qf5 18. Ne5 Rfc8 19. Qxf7+ Kh8 20. Qxe7 Re8 21. Nf7+ Kg8 22. Nh6+ gxh6 23. Qxf6 Qxf6 24. Bxf6 Kf7 25. Bc3 Rad8 26. Kf1 b5 27. axb5 axb5 28. Rxd8 Rxd8 29. Ke2 Ke6 30. e4 Ra8 31. Ra1 Rg8 32. Ra6+ Kd7 33. g3 h5 34. f4 h4 35. Kf3 hxg3 36. hxg3 h5 37. f5 Ke7 38. Ra7+ Kd6 39. Ra6+ Ke7 40. e5 b4 41. Ra7+ Ke8 42. Ra8+ Kf7 43. e6+ 1-0

[Event "Titled Tuesday intern op 5th Nov"]
[Site "Chess.com INT"]
[Date "2019.11.05"]
[Round "3"]
[White "Womacka, Mathias"]
[Black "Sorokobjagin, Sergey"]
[Result "0-1"]
[WhiteElo "2433"]
[BlackElo "2253"]
[PlyCount "72"]
[EventDate "2019.11.05"]
[EventType "swiss (blitz)"]
[EventRounds "10"]
[EventCountry "USA"]
[SourceTitle "EXT 2021"]
[Source "ChessBase"]
[SourceDate "2020.10.23"]
[SourceVersion "1"]
[SourceVersionDate "2020.10.23"]
[SourceQuality "1"]

1. e4 d5 2. exd5 Qxd5 3. Nc3 Qd8 4. d4 Nf6 5. Nf3 g6 6. Bc4 Bg7 7. Bf4 0-0 8. Qd2 a6 9. Bh6 b5 10. Bb3 Bb7 11. Bxg7 Kxg7 12. 0-0-0 Bxf3 13. gxf3 Nc6 14. h4 h5 15. d5 Na5 16. Ne4 Nxb3+ 17. axb3 a5 18. Kb1 a4 19. b4 Ra6 20. Qd3 Qb8 21. f4 Nxe4 22. Qxe4 Rf6 23. Qxe7 Rxf4 24. Qe5+ Rf6 25. Rhe1 Qd8 26. Qd4 Qd6 27. Re5 Kg8 28. f4 Rd8 29. f5 Kh7 30. fxg6+ fxg6 31. Rde1 Rd7 32. Re8 Rg7 33. R8e6 Rxe6 34. Rxe6 Qg3 35. Re8 a3 36. bxa3 Qxa3 0-1

[Event "Titled Tuesday intern op 5th March"]
[Site "Chess.com INT"]
[Date "2019.03.05"]
[Round "3"]
[White "Salem, AR Saleh"]
[Black "Sorokobjagin, Sergey"]
[Result "1-0"]
[WhiteElo "2672"]
[BlackElo "2253"]
[PlyCount "73"]
[EventDate "2019.03.05"]
[EventType "swiss (blitz)"]
[EventRounds "10"]
[EventCountry "USA"]
[SourceTitle "EXT 2021"]
[Source "ChessBase"]
[SourceDate "2020.10.23"]
[SourceVersion "1"]
[SourceVersionDate "2020.10.23"]
[SourceQuality "1"]

1. d4 Nf6 2. c4 e6 3. Nf3 d5 4. Nc3 c6 5. Bg5 dxc4 6. e4 b5 7. e5 h6 8. Bh4 g5 9. Bg3 Nd5 10. Be2 Bb4 11. Rc1 Qa5 12. Qd2 Nd7 13. 0-0 Bb7 14. Qc2 c5 15. Ne4 cxd4 16. Nxd4 Nf4 17. Bxf4 gxf4 18. Bf3 Qb6 19. Nf6+ Nxf6 20. Bxb7 Qxb7 21. exf6 Bc5 22. Nf3 Rg8 23. Kh1 0-0-0 24. Rfd1 Rd5 25. b3 Rf5 26. Qe2 Rxf6 27. bxc4 b4 28. a3 b3 29. Rb1 a5 30. a4 Rfg6 31. Rg1 Qb6 32. Qd3 Bxf2 33. c5 Qc7 34. Rgd1 Rxg2 35. Rxb3 Bxc5 36. Qa6+ Qb7 37. Qxb7# 1-0

[Event "Titled Tuesday intern op 4th Dec"]
[Site "Chess.com INT"]
[Date "2018.12.04"]
[Round "9"]
[White "Sorokobjagin, Sergey"]
[Black "Haznedaroglu, Kivanc"]
[Result "1-0"]
[WhiteElo "2253"]
[BlackElo "2466"]
[PlyCount "85"]
[EventDate "2018.12.04"]
[EventType "swiss (blitz)"]
[EventRounds "10"]
[EventCountry "USA"]
[SourceTitle "EXT 2021"]
[Source "ChessBase"]
[SourceDate "2020.10.23"]
[SourceVersion "1"]
[SourceVersionDate "2020.10.23"]
[SourceQuality "1"]

1. d4 Nf6 2. Nf3 d5 3. c4 c6 4. Nc3 dxc4 5. a4 Bf5 6. e3 e6 7. Bxc4 Bb4 8. Qb3 Qe7 9. a5 Na6 10. 0-0 0-0 11. Ne5 Bd6 12. Bxa6 bxa6 13. Qc4 c5 14. Qxa6 cxd4 15. exd4 Rfc8 16. Bg5 h6 17. Bh4 Bc7 18. Rac1 g5 19. Bg3 Bxe5 20. Bxe5 Rd8 21. Rfd1 Nd5 22. Nxd5 Rxd5 23. Rc7 Qd8 24. Rdc1 Rxd4 25. Bxd4 Qxd4 26. Rc8+ Rxc8 27. Qxc8+ Kh7 28. Qc3 Qf4 29. Qe3 Qb4 30. Qxa7 Kg6 31. Qb6 Qd2 32. Qe3 Qxb2 33. a6 Qa2 34. a7 h5 35. h4 gxh4 36. Rc8 Qb1+ 37. Kh2 Be4 38. Rg8+ Kh7 39. Qg5 Qb2 40. Rb8 Qa1 41. Qxh5+ Kg7 42. Qh8+ Kg6 43. Qxa1 1-0

[Event "Titled Tuesday intern op 3rd Oct"]
[Site "Chess.com INT"]
[Date "2017.10.03"]
[Round "3"]
[White "Arnaudov, Petar G"]
[Black "Sorokobjagin, Sergey"]
[Result "1/2-1/2"]
[WhiteElo "2441"]
[BlackElo "2253"]
[PlyCount "99"]
[EventDate "2017.10.03"]
[EventType "swiss (blitz)"]
[EventRounds "10"]
[EventCountry "USA"]
[SourceTitle "EXT 2021"]
[Source "ChessBase"]
[SourceDate "2020.10.23"]
[SourceVersion "1"]
[SourceVersionDate "2020.10.23"]
[SourceQuality "1"]

1. Nf3 Nf6 2. c4 c6 3. d4 d5 4. g3 Bf5 5. Bg2 e6 6. 0-0 h6 7. Nc3 Nbd7 8. Qb3 Qb6 9. c5 Qxb3 10. axb3 a6 11. b4 Rc8 12. Nd2 e5 13. e3 e4 14. f3 exf3 15. Bxf3 g6 16. e4 dxe4 17. Ndxe4 Nxe4 18. Bxe4 Bxe4 19. Nxe4 f5 20. Nc3 Bg7 21. d5 Bxc3 22. bxc3 cxd5 23. Be3 Nf6 24. Bd4 0-0 25. Rad1 Ne4 26. Kg2 Kf7 27. Rfe1 Rcd8 28. Rb1 Rfe8 29. Rb2 Rd7 30. Reb1 Rc8 31. Ra2 Re7 32. Rd1 g5 33. h3 Kg6 34. Re1 f4 35. g4 Rf8 36. Rf1 Ng3 37. Rb1 Rfe8 38. b5 axb5 39. Rxb5 Re2+ 40. Rxe2 Rxe2+ 41. Kf3 Re7 42. Rb6+ Kh7 43. Rd6 Ne4 44. Rxd5 Nd2+ 45. Kf2 Ne4+ 46. Kf3 Nd2+ 47. Kf2 Ne4+ 48. Kg2 Nd2 49. Kf2 Ne4+ 50. Kf3 1/2-1/2